Statistics for Top 25 Largest Lakes

Click here to take the quiz!

General Stats

  • This quiz has been taken 25 times
  • The average score is 15 of 25

Answer Stats

CountriesAnswer% Correct
Russia, Iran, Kazakhstan, 2 others...Caspian Sea
100%
U.S., CanadaErie
100%
U.S., CanadaOntario
100%
U.S., CanadaSuperior
100%
Uganda, Kenya, TanzaniaVictoria
100%
RussiaBaikal
96%
U.S.Michigan
96%
U.S., CanadaHuron
92%
Malawi, Mozambique, TanzaniaMalawi
88%
Bolivia, PeruTiticaca
84%
CanadaGreat Slave Lake
80%
Burundi, Tanzania, Zambia, D.R.C.Tanganyika
80%
CanadaGreat Bear Lake
76%
NicaraguaNicaragua
76%
RussiaLadoga
52%
CanadaWinnipeg
48%
RussiaOnega
40%
CanadaAthabasca
28%
KazakhstanBalkhash
20%
Kenya, EthiopiaTurkana
16%
AntarcticaVostok
16%
KyrgyzstanIssyk-Kul
12%
CanadaReindeer Lake
8%
IranUrmia
8%
RussiaTaymyr
0%

Score Distribution

Percentile by Number Answered

Percent of People with Each Score

Your Score History

You have not taken this quiz